Loading...
| History - World | 0 | 7 | 1 | 1 | 65 | 74 | 98.43 | 1 | 5 | 0.00 | 0.00 |
| Social Science | 0 | 6 | 0 | 0 | 60 | 39 | 81.17 | 2 | 6 | 0.00 | 0.00 |
| History - American | 0 | 5 | 1 | 1 | 45 | 59 | 102.20 | 1 | 3 | 0.00 | 0.00 |
| Fine Arts - Painting & Sculpture | 0 | 4 | 0 | 0 | 40 | 109 | 126.00 | 0 | 2 | 0.00 | 0.00 |
| Literature - European | 0 | 3 | 0 | 1 | 30 | 104 | 116.33 | 0 | 1 | 0.00 | 0.00 |
| Mythology | 0 | 3 | 0 | 1 | 30 | 55 | 105.33 | 1 | 1 | 0.00 | 0.00 |
| History - Other | 0 | 3 | 1 | 1 | 25 | 101 | 118.33 | 0 | 2 | 0.00 | 0.00 |
| Other | 0 | 3 | 1 | 0 | 25 | 49 | 90.33 | 0 | 1 | 0.00 | 0.00 |
| Philosophy | 0 | 2 | 0 | 0 | 20 | 46 | 73.50 | 1 | 2 | 0.00 | 0.00 |
| History - European | 0 | 3 | 2 | 1 | 20 | 97 | 113.33 | 0 | 2 | 0.00 | 0.00 |
| Literature - American | 0 | 2 | 0 | 0 | 20 | 79 | 94.00 | 0 | 1 | 0.00 | 0.00 |
| Science - Other | 0 | 1 | 0 | 0 | 10 | 89 | 89.00 | 0 | 1 | 0.00 | 0.00 |
| Fine Arts - Other | 0 | 1 | 0 | 0 | 10 | 136 | 136.00 | 0 | 1 | 0.00 | 0.00 |
| Literature - World | 0 | 1 | 0 | 0 | 10 | 120 | 120.00 | 0 | 0 | 0.00 | 0.00 |
| Religion | 0 | 2 | 2 | 0 | 10 | 81 | 86.50 | 0 | 2 | 0.00 | 0.00 |
| Literature - British | 0 | 1 | 1 | 0 | 5 | 94 | 94.00 | 0 | 1 | 0.00 | 0.00 |